Countries in German - Sudden Death - Statistics

General Stats
  • This quiz has been taken 321 times
  • The average score is 5 of 15
Answers on the Grid
Answers color-coded by a green-red scale on the quiz's grid according to % correct below.
Russland
Schweden
Moldawien
Italien
Jemen
Indien
Kolumbien
Kuba
Zypern
Laos
Südafrika
Ungarn
Libanon
Tadschikistan
Tschechien
Butan
Espanien
Schweizer
Finland
Agypten
Rumanien
Kasakstan
Danzig
Nameebien
Krakowien
Skötland
Donnersmark
Eisfeldt
Hochwaldreich
Grieschenreich
 
Answer Stats
Answer % Correct
Italien
49%
Russland
49%
Südafrika
45%
Schweden
41%
Kuba
36%
Indien
34%
Ungarn
34%
Laos
33%
Moldawien
32%
Tschechien
32%
Zypern
32%
Jemen
31%
Kolumbien
26%
Libanon
25%
Tadschikistan
25%
No matching quizzes found
Score Distribution
Percent of People with Each Score
Percentile by Number Answered
Your Score History
You have not taken this quiz